|
|
|
|
| LEADER |
00841nam a22002298a 4500 |
| 001 |
7718 |
| 003 |
BD-DhAAL |
| 005 |
20150712103651.0 |
| 008 |
150712s2000 enk 000 j eng |
| 020 |
|
|
|a 0006514871
|
| 040 |
|
|
|a ANL
|b eng
|d BD-DhAAL
|
| 082 |
0 |
4 |
|a 823.914
|2 21
|
| 100 |
1 |
|
|a Archer, Jeffrey,
|d 1940-
|9 12890
|
| 245 |
1 |
0 |
|a To cut a long story short /
|c Jeffrey Archer.
|
| 260 |
|
|
|a [Lane Cove, N.S.W.] :
|a London :
|b Doubleday Book Clubs,
|b HarperColinsPublishers,
|c c2000.
|
| 300 |
|
|
|a 272 p. ;
|c 18 cm.
|
| 520 |
|
|
|a A collection of miscellaneous writings on unrelated topics.
|
| 541 |
|
|
|e 7718
|
| 650 |
|
0 |
|a Short stories.
|9 13152
|
| 942 |
|
|
|2 ddc
|c BK
|
| 999 |
|
|
|c 35051
|d 35051
|
| 952 |
|
|
|0 0
|1 0
|2 ddc
|4 0
|6 823_914000000000000_ARC
|7 0
|9 54934
|a SCL
|b SCL
|c GEN
|d 2015-07-12
|e Gift
|l 9
|m 32
|o 823.914 ARC
|p 3020007718
|r 2022-08-06
|s 2022-08-02
|t 1
|w 2015-07-12
|y BK
|